000 00536nam a22002177a 4500
003 UA-OsUOA
001 131004
007 ta
008 20180521b un ||||| |||| 00| 0 ukr d
100 _aСобко І.
090 _a908
_bС54
942 _cSA
040 _aUA-OsUOA
_bukr
_cUA-OsUOA
_dUA-OsUOA
245 _aВ Острозі відкривали туристичний сезон - 2018
300 _aС.1
955 _a0
041 _aukr
080 _a908
773 0 _w131003
650 7 _a908 Краєзнавство
_2UDC
999 _c419364
_d419364